[Event "Athens Smaok 1900+ op 9th"]
[Site "Athens"]
[Date "2011.02.15"]
[Round "5.13"]
[White "Siaparinas, Konstantinos"]
[Black "Xanthakis, Spyridon"]
[Result "1/2-1/2"]
[WhiteElo "1979"]
[BlackElo "1825"]
[PlyCount "111"]
[EventDate "2011.01.18"]
[EventType "swiss"]
[EventRounds "7"]
[EventCountry "GRE"]
[SourceTitle "EXT 2024"]
[Source "ChessBase"]
[SourceDate "2023.10.10"]
[SourceVersion "1"]
[SourceVersionDate "2023.10.10"]
[SourceQuality "1"]

1. c4 f5 2. g3 Nf6 3. Nc3 d6 4. Bg2 g6 5. d3 Bg7 6. e3 0-0 7. Nge2 a5 8. 0-0 c6 9. Bd2 Na6 10. d4 e5 11. a3 e4 12. b4 axb4 13. axb4 g5 14. b5 Nc7 15. Rxa8 Nxa8 16. bxc6 bxc6 17. Qa4 Bd7 18. Rb1 Nc7 19. Rb7 Ne6 20. Qa7 Bc8 21. Rb1 Rf7 22. Qa8 Qe8 23. Rb8 Rf8 24. d5 cxd5 25. Nxd5 Nxd5 26. Qxd5 Qf7 27. Qxd6 Rd8 28. Qc6 Rxd2 29. Rxc8+ Nf8 30. Nd4 Bxd4 31. exd4 Rxd4 32. Qc5 Rd7 33. Qe5 Re7 34. Qa5 h6 35. Qb6 Kh7 36. Rc6 Re6 37. Rc7 Re7 38. Rc6 Re6 39. Rxe6 Qxe6 40. Qxe6 Nxe6 41. Kf1 Kg7 42. Ke2 Kf6 43. Ke3 Ke5 44. Kd2 Kd4 45. Bh3 g4 46. Bf1 Ng5 47. c5 Nf3+ 48. Kc2 Kxc5 49. h3 Kd4 50. hxg4 fxg4 51. Ba6 e3 52. Kd1 exf2 53. Ke2 f1Q+ 54. Kxf1 Ke3 55. Bc8 h5 56. Bd7 1/2-1/2